A textbook of general and engineering geology (Record no. 5182)
[ view plain ]
| 000 -LEADER | |
|---|---|
| fixed length control field | 00434nam a2200169Ia 4500 |
| 008 - FIXED-LENGTH DATA ELEMENTS--GENERAL INFORMATION | |
| fixed length control field | 230711s9999||||xx |||||||||||||| ||und|| |
| 020 ## - INTERNATIONAL STANDARD BOOK NUMBER | |
| International Standard Book Number | 978-81-85266-7 |
| 041 ## - LANGUAGE CODE | |
| Language code of text/sound track or separate title | ENG |
| 082 ## - DEWEY DECIMAL CLASSIFICATION NUMBER | |
| Classification number | 624.151 |
| Item number | AR-G |
| 100 ## - MAIN ENTRY--PERSONAL NAME | |
| Personal name | Arora,D.S |
| 245 #2 - TITLE STATEMENT | |
| Title | A textbook of general and engineering geology |
| 250 ## - EDITION STATEMENT | |
| Edition statement | 1st Ed. |
| 260 ## - PUBLICATION, DISTRIBUTION, ETC. | |
| Date of publication, distribution, etc. | 2010 |
| Place of publication, distribution, etc. | Chandigarh |
| Name of publisher, distributor, etc. | Mohindra Capital Publishers |
| 300 ## - PHYSICAL DESCRIPTION | |
| Extent | 576 |
| 650 ## - SUBJECT ADDED ENTRY--TOPICAL TERM | |
| Topical term or geographic name entry element | Civil Engineering |
| 942 ## - ADDED ENTRY ELEMENTS (KOHA) | |
| Koha item type | Book |
| Withdrawn status | Lost status | Damaged status | Not for loan | Collection | Home library | Current library | Date acquired | Total checkouts | Full call number | Barcode | Date last seen | Date last checked out | Price effective from | Koha item type | Date due |
|---|---|---|---|---|---|---|---|---|---|---|---|---|---|---|---|
| MRSPTU Central Library | MRSPTU Central Library | 3 | 624.151 AR-G | 19921 | 03/30/2026 | 03/25/2026 | 08/17/2023 | Book | |||||||
| MRSPTU Central Library | MRSPTU Central Library | 2 | 624.151 AR-G | 19922 | 05/26/2025 | 02/27/2025 | 08/17/2023 | Book | |||||||
| MRSPTU Central Library | MRSPTU Central Library | 6 | 624.151 AR-G | 19923 | 04/15/2026 | 04/15/2026 | 08/17/2023 | Book | 05/06/2026 | ||||||
| MRSPTU Central Library | MRSPTU Central Library | 624.151 AR-G | 19924 | 08/17/2023 | 08/17/2023 | Book | |||||||||
| MRSPTU Central Library | MRSPTU Central Library | 624.151 AR-G | 19925 | 08/17/2023 | 08/17/2023 | Book | |||||||||
| MRSPTU Central Library | MRSPTU Central Library | 624.151 AR-G | 19926 | 08/17/2023 | 08/17/2023 | Book | |||||||||
| MRSPTU Central Library | MRSPTU Central Library | 7 | 624.151 AR-G | 19927 | 04/16/2026 | 04/16/2026 | 08/17/2023 | Book | 05/07/2026 | ||||||
| MRSPTU Central Library | MRSPTU Central Library | 4 | 624.151 AR-G | 19928 | 05/27/2025 | 05/06/2025 | 08/17/2023 | Book |
